000 01219 a2200289 4500
999 _c11220
_d11220
020 _a047156186x
050 0 0 _aQM601
_bO'RA 1992
100 1 _aO'Rahilly, Ronan.
_eauthor
245 1 0 _aHuman embryology & teratology /
_c
264 _aCarlifornia:
_bWiley-Liss,
_c1992
300 _axii, 505pages
_billustrations (some coloured)
336 _2rdaconent
_atext
_btxt
337 _2rdamedia
_aunmediated
_bn
338 _2rdacarrier
_avolume
_bnc
504 _aIncludes bibliographical references and index.
650 0 _aEmbryology, Human.
650 0 _aTeratology.
650 1 2 _aEmbryology.
650 2 2 _aAbnormalities.
650 2 2 _aFetal Development.
700 1 _a
_eauthor
856 4 2 _3Publisher description
_uhttp://www.loc.gov/catdir/description/wiley035/00028998.html
856 4 _3Table of Contents
_uhttp://www.loc.gov/catdir/toc/onix07/00028998.html
942 _2lcc
_cBK
_h601
_iO'RA
_kQM